Hydrologie und Wasserwirtschaft : Eine Einführung für Ingenieure /

Uložené v:
Podrobná bibliografia
Hlavný autor: Maniak, Ulrich (Autor)
Médium: Kniha
Jazyk:German
Vydavateľské údaje: Berlin : Springer Verlag, 1988
Tagy: Pridať tag
Žiadne tagy, Buďte prvý, kto otaguje tento záznam!

MARC

LEADER 00000nam a22000003a 4500
001 stu29324
005 20150617225737.8
008 950613s1988----gw------------------ger-d
040 |a STU  |b slo 
041 0 |a ger 
044 |a gw 
080 |a 556 
100 1 |a Maniak, Ulrich  |4 aut 
245 1 |a Hydrologie und Wasserwirtschaft :  |b Eine Einführung für Ingenieure /  |c [aut]Maniak,Ulrich 
260 |a Berlin :  |b Springer Verlag,  |c 1988 
300 |a 576 s 
996 |c V*36267/O-15121  |l VV7  |s P  |a 0  |w stu29324_0001